000 00691nam a2200205 i 4500
001 87053
003 ES-MaACL
005 20230906175600.0
007 t|
008 041217s1968 sp ||||1| spa d
100 1 _aKock, Josse de.
_968419
245 1 0 _aIntroducción al Cancionero de Miguel de Unamuno /
_cJosse de Kock.
260 _aMadrid :
_bGredos,
_c[1968]
300 _a195 p. ;
_c20 cm.
490 1 _aBiblioteca románica hispánica ;
_vII. Estudios y ensayos ;
_v111
600 1 4 _aUnamuno, Miguel de,
_d1864-1936-
_xPoesía
_9111989
830 1 _aBiblioteca románica hispánica ;
_vII. Estudios y ensayos ;
_v111
_9180746
852 _aES-MaACL
_jC-35270
999 _c87053
_d87053